000 00252nam a2200109Ia 4500
008 231212s1967 xx 000 0 und d
041 _aeng
082 _a621.38173
100 _aLee M.A.
245 _aTunnel Diodes
260 _aNew Delhi
_bTata Mc
_c1967
999 _c958365
_d958365